000 nam a22 7a 4500
999 _c331397
_d331397
003 NUST
005 20170926155226.0
008 170926b xxu||||| |||| 00| 0 eng d
040 _cNUST
082 _a351
100 _aRaza,Nihaal, Shah,Syed Asad Ali, Abdullah, Syed M., Zaheer,Ammad, Hassan,Bilal, & Inam,Dawood
_95018
245 _aThe current internal displacement crisis and its impact upon militancy in north Waziristan agency
260 _aIslamabad
_c2015
300 _a127p
942 _2ddc
_cTHE